000 01061naa a22002657a 4500
001 BR7904509
003 BR-BrBNA
005 20240918174421.0
007 ta
008 230509b bl.||||| |||| 00| 0 por d
040 _aBR-BrBNA
_bpor
_cBiblioteca Nacional de Agricultura
041 _a(Pt)
072 _aU20
090 _aU20 BR7904509
100 1 _aVieira, H.P.N.L.
111 1 _a10. Congresso Brasileiro de Biblioteconomia e Documentacao
_cCuritiba, PR (Brazil)
_d22 Jul 1979
245 1 _aO microfone como veiculo de disseminacao de informacoes e a resistencia dos usuarios ao uso das microformas
260 3 _aCuritiba, PR (Brasil):
_c1979.
500 _aAnais do 10. Congresso Brasileiro de Biblioteconomia e Documentacao Curitiba, PR (Brasil): 1979. p. 508-514 (BR7904509-AM)U20
650 _aDocumentacao
650 _aMicrofilmagem
773 0 _tAnais do 10. Congresso Brasileiro de Biblioteconomia e Documentacao
_b
_wU20 BR7904509
_gCuritiba, PR (Brasil), 1979. p. 508-514
909 _a202404
_bLucia
_c55
_dLucia Elande
942 _cAM
_2AGRIS
999 _c311107
_d311107